00395nam a2200121Ia 4500008004100000020002200041041000800063082002700071100005100098245006300149260005200212300000900264230519s9999 xx 000 0 und d a978-93-92242-06-9 aeng aPS/610.7368/SON/DB0961 aSoni Meenakshi; Sharma Sonia & Toshniwal Varun aTextbook of Mental Health Nursing for GNM Nursing Students bVision Health Sciences PublishersaPanjabc2021 a293p